Logo BPK

Biblioteka

Politechniki Koszalińskiej

Studying the Media : (Rekord nr 50141)

Szczegóły MARC
000 -ETYKIETA REKORDU
podpole kontrolne o stałej długości 00743nam a2200253 i 4500
001 - NUMER KONTROLNY REKORDU
pole kontrolne bgj
020 ## - MIĘDZYNARODOWY ZNORMALIZOWANY NUMER KSIĄŻKI - ISBN
ISBN 034059828X (pbk)
040 ## - ŹRÓDŁO KATALOGOWANIA
Instytucja, która utworzyła rekord BPK
041 0# - KOD JĘZYKA
Kod języka tekstu eng
920 ## - Międzynarodowy znormalizowany numer książki – ISBN
ISBN 0-340-59828-X (pbk)
008 - POLE O STAŁEJ DŁUGOŚCI - DANE KONTROLNE
podpole kontrolne o stałej długości s uk f |000 0 eng
100 1# - NAZWA OSOBOWA
Nazwa osobowa O'SULLIVAN, Tim
245 10 - TYTUŁ/ODPOWIEDZIALNOŚĆ
Tytuł Studying the Media :
Ciąg dalszy tytułu an introduction /
Pozostałe elementy strefy tytułu i oznaczenia odpowiedzialności Tim O'Sullivan ; Brian Dutton ; Philip Rayner.
250 ## - STREFA WYDANIA
Oznaczenie wydania [6th impr.].
260 ## - STREFA ADRESU WYDAWNICZEGO
Miejsce wydania London, [etc.] :
Nazwa wydawcy/dystrybutora Arnold,
Data publikacji, dystrybucji/powstania dokumentu 1996.
300 ## - STREFA OPISU FIZYCZNEGO
Objętość XI, 308 pp :
Inne cechy fizyczne ill. ;
Rozmiary 25 cm.
500 ## - UWAGI OGÓLNE
Tekst uwagi 1st published in 1994.
504 ## - UWAGA DOTYCZĄCA BIBLIOGRAFII
Informacje o bibliografii Bibliography p. 197-303.
505 ## - SFORMALIZOWANA UWAGA DOTYCZĄCA ZAWARTOŚCI
Pełny tekst uwagi Includes tables, index.
650 #9 - HASŁO PRZEDMIOTOWE W FORMIE NAZWY OGÓLNEJ LUB JEDNOSTKOWEJ
Nazwa ogólna lub geograficzna Mass media
700 1# - HASŁO DODATKOWE - NAZWA OSOBOWA
Nazwa osobowa DUTTON, Brian.
Określenie związku między hasłem a opisywanym materiałem co-author
700 1# - HASŁO DODATKOWE - NAZWA OSOBOWA
Nazwa osobowa RAYNER, Philip.
Określenie związku między hasłem a opisywanym materiałem co-author
942 ## - DODATKOWE ELEMENTY (KOHA)
Typ dokumentu Książka
Egzemplarze
Wycofany Status egzemplarza Uszkodzony Dostępność Lokalizacja stała Lokalizacja bieżąca Miejsce przechowywania Sygnatura Kod kreskowy Typ dokumentu
      Dostępny Biblioteka Politechniki Koszalińskiej Biblioteka Politechniki Koszalińskiej Wypożyczalnia Językowa BR 39 09000261 Książka
© 2023 Biblioteka Politechniki Koszalińskiej :: KOHA